| 000 | 01159cam a22003371a 4500 | ||
|---|---|---|---|
| 001 | agr41000511 | ||
| 003 | DLC | ||
| 005 | 20260227111000.0 | ||
| 008 | 870312s1941 dcu b f000 0 eng | ||
| 010 | _aagr41000511 | ||
| 035 | _a(OCoLC)15308259 | ||
| 040 |
_aDLC _cInRE _dInRE _dDNAL _dDLC |
||
| 042 | _apremarc | ||
| 050 | 0 | 0 |
_aSB741.R7 _bT9 |
| 070 | 0 |
_a1 _bAg84M no.406 |
|
| 072 | 0 | _aF822 | |
| 082 | _a630.6173 | ||
| 100 | 1 |
_aTyler, Jocelyn, _d1900- |
|
| 245 | 1 | 0 |
_aPlants reported resistant or tolerant to root knot nematode infestation / _cby Jocelyn Tyler. |
| 260 |
_aWashington, D.C. : _bU.S. Dept. of Agriculture, _c1941. |
||
| 300 |
_a91 p. ; _c23 cm. |
||
| 490 | 1 |
_aMiscellaneous publication / United States Department of Agriculture ; _vno. 406 |
|
| 500 | _aCaption title. | ||
| 500 | _aContribution from Bureau of Plant Industry. | ||
| 504 | _aBibliography: p. 78-9l. | ||
| 650 | 0 | _aRoot-knot. | |
| 650 | 0 | _aNematode diseases of plants. | |
| 650 | 0 |
_aPlants _xDisease and pest resistance. |
|
| 740 | 0 | _aRoot knot nematode infestation. | |
| 830 | 0 |
_aMiscellaneous publication (United States. Department of Agriculture) ; _vno. 406. |
|
| 999 |
_c10140 _d10140 |
||